000 00451nam a22001817a 4500
003 MPLRDC
005 20220104143704.0
008 210129b ||||| |||| 00| 0 eng d
020 _a957-8453-65-5
082 _a782.886 ZAL
100 _a冯祖贻
245 _a百年家族-张爱玲
_c
250 _a初版
260 _a台湾
_b立绪文化事业有限公司
_c1999
300 _b433
650 _a张爱玲传记
942 _cBK
_o782.886 ZAL
999 _c42371
_d42361